000 01381 a2200301 4500
999 _c10782
_d10782
020 _a9780128220190
050 _aQH588
_bSTE 2020
100 _aNilsson, Susie
_eeditor
245 _aThe stem cell niche during ageing /
_cedited by Susie Nilsson
264 _aCambridge, MA, :
_bAcademic Press / Elsevier,
_c2020
300 _ax, 242 pages :
_billustrations
336 _2rdacontent
_atext
_btxt
337 _2rdamedia
_aunmediated
_bn
338 _2rdacarrier
_avolume
_bnc
440 _a Advances in stem cells and their niches volume 4
500 _an/a
504 _aIncludes bibliographical references
505 _a1. The ageing HSC niche Ben Cao 2. The ageing intestinal niche Thierry Jarde 3. The ageing spertamotogonial stem cell niche Robin Mark Hobbs 4. The Ageing Epidermal Skin Niche Pritinder Kaur 5. Muscle stem cells and ageing Miranda D. Grounds 6. The ageing neural stem cell niche Tobias David Merson 7. Ageing Hepatic stem cell niche Lindsay E. Wu 8. Ageing Mammary stem cells LuZhe Sun 9. Cardiac stem cell niche James Chong 10. The ageing endothelial stem cell niche Jatin Patel
520 _an/a
650 _aAging
650 _aAging Molecular aspects
650 _aCellules souches
650 _aStem Cell Niche
650 _aStem Cells
650 _aStem cells
700 _aNilsson, Susie
_eauthor
942 _2lcc
_cBK
_h588
_iSTE
_kQH